000
00250nam a2200121Ia 4500
100
_a
Jensin
942
_c
BK
654
_a
materials
245
_a
Applied Strength of materials
260
_b
McGraw Hill
_c
2001
082
_a
620.1
546
_a
ENGLISH
999
_c
25358
_d
25358